Manuel de l'instituteur et de l'institutrice pour la partie morale et religieuse de l'enseignement primaire

Saved in:
Bibliographic Details
Main Author: PONCEAU [Jean Baptiste] Chanoine et inspecteur diocésain des écoles primaires dans la province de Hainaut
Format: Unknown
Language:French
Published: Tournai Typographie de J. Casterman et fils, libraires-éditeurs 1856
Edition:deuxième édition
Textbook Catalogue:MANES:  Library Catalog Search Result
Textbook Classification:
Subjects:
Tags: Add Tag
No Tags, Be the first to tag this record!
Added to:2016-04-26

MARC

LEADER 000000000a22000000004500
001 22200
008 160427s be ||||| |||| 00| 0 fre d
040 |a manes  |c manes 
041 |a Francés 
100 1 |a PONCEAU [Jean Baptiste]  |b Chanoine et inspecteur diocésain des écoles primaires dans la province de Hainaut 
245 0 0 |a Manuel de l'instituteur et de l'institutrice pour la partie morale et religieuse de l'enseignement primaire 
250 |a deuxième édition 
260 3 |a Tournai  |b Typographie de J. Casterman et fils, libraires-éditeurs  |c 1856 
300 |a 142 p. 
500 |a CaA, 1856  |a Libro para la formación de maestros 
546 |a Bélgica 
650 7 |a Religión y Moral 
655 7 |a Primaria  |a Secundaria 
942 |2 ddc  |c BK 
999 |c 44528  |d 44528 
999 |c manes:44528  |d 44528